<?xml version="1.0" encoding="UTF-8"?>
<record
    xmlns:xsi="http://www.w3.org/2001/XMLSchema-instance"
    xsi:schemaLocation="http://www.loc.gov/MARC21/slim http://www.loc.gov/standards/marcxml/schema/MARC21slim.xsd"
    xmlns="http://www.loc.gov/MARC21/slim">

  <leader>01535nam a22002057a 4500</leader>
  <controlfield tag="003">OSt</controlfield>
  <controlfield tag="005">20240408102817.0</controlfield>
  <controlfield tag="008">231010s2009    ag ||||| |||| 00| 1 spa d</controlfield>
  <datafield tag="020" ind1=" " ind2=" ">
    <subfield code="a">9789879267516</subfield>
  </datafield>
  <datafield tag="040" ind1=" " ind2=" ">
    <subfield code="c">besoc</subfield>
  </datafield>
  <datafield tag="100" ind1=" " ind2=" ">
    <subfield code="a">Ferroggiaro, Federico,</subfield>
    <subfield code="d">(1976-),</subfield>
    <subfield code="e">autor</subfield>
  </datafield>
  <datafield tag="245" ind1="1" ind2="3">
    <subfield code="a">El pintor de delirios /</subfield>
    <subfield code="c">Federico Ferroggiaro</subfield>
  </datafield>
  <datafield tag="250" ind1=" " ind2=" ">
    <subfield code="a">1a ed.</subfield>
  </datafield>
  <datafield tag="260" ind1=" " ind2=" ">
    <subfield code="a">Rosario :</subfield>
    <subfield code="b">emr,</subfield>
    <subfield code="c">2009</subfield>
  </datafield>
  <datafield tag="300" ind1=" " ind2=" ">
    <subfield code="a">214 p.</subfield>
  </datafield>
  <datafield tag="505" ind1="0" ind2=" ">
    <subfield code="a">La pierna y el juego -- La carga -- Pe&#xF3;n 4 Rey -- Terminal -- Lev Tanchevsky, el pintor de delirios -- La mansi&#xF3;n de Sibyl Vane -- Curtius J. Santos, Oscar al Mejor actor de Reparto.-</subfield>
  </datafield>
  <datafield tag="520" ind1=" " ind2=" ">
    <subfield code="a">Es una serie de relatos que cargan todo el peso y la ciencia de la est&#xE9;tica realista pero no se someten por completo a sus convenciones, Federico Ferroggiaro logra en El pintor de delirios, a fuerza de invenci&#xF3;n y soltura simp&#xE1;tica, una vuelta de tuerca sobre dos mecanismos narrativos capitales: la pintura de ambientes, la construcci&#xF3;n de personajes. Ya sea en esos pueblos cuya parsimonia rural revierte en apuestas ins&#xF3;litas, en intrigas calculadas en presencias fantasmas, como en los escenarios urbanos que hacen de la urgencia, el aturdimiento, el equ&#xED;voco, los n&#xFA;cleos fuertes de las historias, los cuentos de este libro crean climas y fundan caracteres; como si en la tensi&#xF3;n siempre en alza de sus componentes, el mundo entero ganara, en un mismo y exacto movimiento, su raz&#xF3;n y su extrav&#xED;o. [Nota del editor]</subfield>
  </datafield>
  <datafield tag="650" ind1=" " ind2="4">
    <subfield code="a">Literatura argentina</subfield>
    <subfield code="v">Relatos</subfield>
    <subfield code="x">Siglo XXI</subfield>
  </datafield>
  <datafield tag="942" ind1=" " ind2=" ">
    <subfield code="2">udc</subfield>
    <subfield code="c">OG</subfield>
    <subfield code="n">0</subfield>
  </datafield>
  <datafield tag="999" ind1=" " ind2=" ">
    <subfield code="c">114</subfield>
    <subfield code="d">114</subfield>
  </datafield>
  <datafield tag="952" ind1=" " ind2=" ">
    <subfield code="0">0</subfield>
    <subfield code="1">0</subfield>
    <subfield code="2">udc</subfield>
    <subfield code="4">0</subfield>
    <subfield code="7">0</subfield>
    <subfield code="8">CG</subfield>
    <subfield code="a">ESOCIALES</subfield>
    <subfield code="b">ESOCIALES</subfield>
    <subfield code="d">2023-10-11</subfield>
    <subfield code="l">0</subfield>
    <subfield code="o">82-32 (821.6) F395</subfield>
    <subfield code="p">000049</subfield>
    <subfield code="r">2023-10-11 00:00:00</subfield>
    <subfield code="w">2023-10-11</subfield>
    <subfield code="y">OG</subfield>
  </datafield>
</record>
